000 00348nam a2200133Ia 4500
008 210210b1991 xxu||||| |||| 00| 0 eng d
082 _a032.02 MANO
100 _aMANORAMA YEAR BOOK.
245 _aManorama year book 1991.
260 _aKerala.
_bManorama publishing House.,
_c1991
300 _a800
690 _aGeneral Knowledge
906 _a044575
999 _c94271
_d94271